[Event "VIE-ch (Women)"]
[Site "Hanoi"]
[Date "2024.03.15"]
[Round "8"]
[White "Duong, Ngoc Nga"]
[Black "Bui, Kim Le"]
[Result "0-1"]
[WhiteElo "1649"]
[BlackElo "1972"]
[PlyCount "68"]
[EventDate "2024.03.11"]
[EventType "swiss"]
[EventRounds "9"]
[EventCountry "VIE"]
[SourceTitle "CB13_2024"]
[SourceDate "2024.03.27"]
[SourceVersion "1"]
[SourceVersionDate "2024.03.27"]
[SourceQuality "1"]

1. d4 Nf6 2. c4 c5 3. d5 e6 4. Nc3 exd5 5. cxd5 d6 6. g3 a6 7. a4 g6 8. Bg2 Bg7 9. Nf3 0-0 10. 0-0 Re8 11. Nd2 Nbd7 12. Re1 Rb8 13. a5 b5 14. axb6 Nxb6 15. e4 Ng4 16. Nb3 Qf6 17. f4 c4 18. h3 cxb3 19. hxg4 Qd4+ 20. Kh2 Qxd1 21. Nxd1 Nxd5 22. Bd2 Nb4 23. Bxb4 Rxb4 24. Bf3 Bb7 25. Re2 h6 26. Nf2 Rc8 27. Nd3 Rb6 28. Kh3 a5 29. Rd2 Rc2 30. Rad1 Ba6 31. f5 Rxd2 32. Rxd2 Bxd3 33. Rxd3 Bxb2 34. fxg6 Be5 0-1

[Event "VIE-ch (Women)"]
[Site "Hanoi"]
[Date "2024.03.15"]
[Round "7"]
[White "Vu, Bui Thi Thanh Van"]
[Black "Bui, Kim Le"]
[Result "1-0"]
[WhiteElo "1875"]
[BlackElo "1972"]
[PlyCount "87"]
[EventDate "2024.03.11"]
[EventType "swiss"]
[EventRounds "9"]
[EventCountry "VIE"]
[SourceTitle "CB13_2024"]
[SourceDate "2024.03.27"]
[SourceVersion "1"]
[SourceVersionDate "2024.03.27"]
[SourceQuality "1"]

1. d4 Nf6 2. Nf3 g6 3. Nbd2 d5 4. e3 Bg7 5. b4 a5 6. b5 a4 7. c4 c5 8. bxc6 Nxc6 9. Ba3 0-0 10. Rb1 Re8 11. Be2 e5 12. dxe5 Nxe5 13. 0-0 Nc6 14. Re1 Na5 15. Nd4 Bd7 16. Bb4 Nxc4 17. Nxc4 dxc4 18. Bxc4 Qc7 19. Rc1 Qb8 20. Be2 Nd5 21. Ba3 Rd8 22. Bf3 Be8 23. Qc2 Qe5 24. Qc5 b6 25. Qc2 h5 26. Nc6 Bxc6 27. Qxc6 Rab8 28. Red1 Nc3 29. Bd6 Rxd6 30. Rxd6 b5 31. a3 b4 32. axb4 a3 33. Rd4 Na2 34. Rcd1 Nxb4 35. Qa4 a2 36. Rxb4 Rxb4 37. Qxa2 Qe7 38. Qa3 Bf6 39. g3 Rb2 40. Qxe7 Bxe7 41. Rd7 Kf8 42. Bd5 Rd2 43. e4 Ke8 44. Rc7 1-0

[Event "VIE-ch (Women)"]
[Site "Hanoi"]
[Date "2024.03.14"]
[Round "6"]
[White "Bui, Kim Le"]
[Black "Hoang, Thi Bao Tram"]
[Result "0-1"]
[WhiteElo "1972"]
[BlackElo "2243"]
[PlyCount "54"]
[EventDate "2024.03.11"]
[EventType "swiss"]
[EventRounds "9"]
[EventCountry "VIE"]
[SourceTitle "CB13_2024"]
[SourceDate "2024.03.27"]
[SourceVersion "1"]
[SourceVersionDate "2024.03.27"]
[SourceQuality "1"]

1. e4 c6 2. d4 d5 3. e5 Bf5 4. Nc3 e6 5. g4 Bg6 6. Nge2 c5 7. h4 h6 8. Be3 Nc6 9. Nf4 Bh7 10. Nh5 a6 11. Bd3 g6 12. Nf4 cxd4 13. Bxd4 Nxd4 14. Bxg6 Bxg6 15. Nxg6 fxg6 16. Qxd4 Qc7 17. 0-0-0 Bc5 18. Qd3 Ne7 19. f4 0-0-0 20. Rhf1 h5 21. Qh3 hxg4 22. Qxg4 Nf5 23. Qxg6 Rh6 24. Qg5 Qh7 25. Ne4 Be7 26. Nf6 Bxf6 27. exf6 Rg6 0-1

[Event "VIE-ch (Women)"]
[Site "Ha Tien"]
[Date "2023.09.14"]
[Round "4"]
[White "Thai, Ngoc Tuong Minh"]
[Black "Bui, Kim Le"]
[Result "1/2-1/2"]
[WhiteElo "1736"]
[BlackElo "1969"]
[PlyCount "90"]
[EventDate "2023.09.13"]
[EventType "swiss"]
[EventRounds "9"]
[EventCountry "VIE"]
[SourceTitle "EXT 2024"]
[Source "ChessBase"]
[SourceDate "2023.10.10"]
[SourceVersion "1"]
[SourceVersionDate "2023.10.10"]
[SourceQuality "1"]

1. Nf3 Nf6 2. g3 b6 3. Bg2 Bb7 4. d4 e6 5. 0-0 c5 6. c3 Be7 7. Ne5 Bxg2 8. Kxg2 0-0 9. Bg5 d6 10. Nf3 Qc7 11. Bxf6 Bxf6 12. e4 Nd7 13. Nbd2 Rfd8 14. Rc1 b5 15. Qe2 Qa5 16. Ra1 Rab8 17. Rfd1 Qa4 18. Nf1 b4 19. b3 Qa5 20. e5 dxe5 21. dxe5 Be7 22. c4 Qc7 23. Re1 Rbc8 24. N3d2 Nb8 25. f4 Nc6 26. Nf3 a5 27. Rad1 a4 28. Ne3 Qb7 29. Nc2 Qa8 30. f5 axb3 31. axb3 Qa2 32. fxe6 fxe6 33. Ncd4 Qxe2+ 34. Nxe2 Na5 35. Nc1 Kf7 36. h4 h5 37. Kh3 Rxd1 38. Rxd1 Rd8 39. Rxd8 Bxd8 40. g4 Kg6 41. Kg3 hxg4 42. Kxg4 Be7 43. Nd2 Nc6 44. Nd3 Nd4 45. Nf2 Nc6 1/2-1/2

[Event "Hanoi op (Women)"]
[Site "Hanoi"]
[Date "2022.08.26"]
[Round "7"]
[White "Nguyen, Xuan Nhi"]
[Black "Bui, Kim Le"]
[Result "1/2-1/2"]
[WhiteElo "1813"]
[BlackElo "1969"]
[PlyCount "87"]
[EventDate "2022.08.20"]
[EventType "swiss"]
[EventRounds "9"]
[EventCountry "VIE"]
[SourceTitle "CBM 209 Extra"]
[Source "ChessBase"]
[SourceDate "2022.09.30"]
[SourceVersion "1"]
[SourceVersionDate "2022.09.30"]
[SourceQuality "1"]

1. d4 Nf6 2. Nf3 g6 3. g3 Bg7 4. Bg2 0-0 5. 0-0 d5 6. c4 dxc4 7. Qa4 Be6 8. Nbd2 c6 9. Qc2 Na6 10. Nxc4 Nb4 11. Qc3 a5 12. Ng5 Bg4 13. Qd2 h6 14. a3 Nbd5 15. h3 Bc8 16. Nf3 Bf5 17. Nfe5 a4 18. g4 Be6 19. e4 Nc7 20. f4 Nb5 21. Rd1 Bxc4 22. Nxc4 Nd7 23. Qf2 Nb6 24. Ne5 c5 25. d5 Nd4 26. Be3 Nd7 27. Bxd4 cxd4 28. Nxd7 Qxd7 29. e5 g5 30. Qxd4 gxf4 31. Qxf4 Qc7 32. d6 Qc5+ 33. Kh1 Qxe5 34. Qxe5 Bxe5 35. dxe7 Rfe8 36. Bxb7 Rab8 37. Rd7 Kg7 38. Re1 f6 39. Kg2 Kf7 40. Bd5+ Kg7 41. Bb7 Kf7 42. Re2 Rxe7 43. Rxe7+ Kxe7 44. Bc6 1/2-1/2

[Event "VIE-ch (Women)"]
[Site "Tinh Bac Giang"]
[Date "2022.02.28"]
[Round "1"]
[White "Bui, Kim Le"]
[Black "Luong, Hoang Tu Linh"]
[Result "1-0"]
[WhiteElo "2022"]
[BlackElo "1770"]
[PlyCount "69"]
[EventDate "2022.02.28"]
[EventType "swiss"]
[EventRounds "9"]
[EventCountry "VIE"]
[SourceTitle "CBM 207 Extra"]
[Source "ChessBase"]
[SourceDate "2022.05.31"]
[SourceVersion "1"]
[SourceVersionDate "2022.05.31"]
[SourceQuality "1"]

1. e4 c5 2. Nf3 d6 3. d4 cxd4 4. Nxd4 Nf6 5. Nc3 a6 6. Bg5 e6 7. f4 Be7 8. Qf3 Qc7 9. 0-0-0 Nc6 10. Nxc6 Qxc6 11. Bd3 b5 12. Qg3 b4 13. Ne2 Qc5 14. e5 dxe5 15. fxe5 Nh5 16. Qg4 g6 17. Bxe7 Qxe7 18. Be4 Bb7 19. Qf3 Bxe4 20. Qxe4 0-0 21. g4 Ng7 22. h4 Rad8 23. Rdf1 Qc5 24. h5 Rd5 25. hxg6 hxg6 26. Nf4 Rxe5 27. Qg2 Rg5 28. Kb1 f6 29. Qb7 Rc8 30. Nxe6 Nxe6 31. Qh7+ Kf8 32. Rxf6+ Ke8 33. Rxe6+ Kd8 34. Rd1+ Rd5 35. Rxd5+ 1-0

[Event "VIE-ch (Women)"]
[Site "Tinh Bac Giang"]
[Date "2022.02.28"]
[Round "3"]
[White "Bui, Kim Le"]
[Black "Nguyen, Hong Nhung"]
[Result "0-1"]
[WhiteElo "2022"]
[BlackElo "1697"]
[PlyCount "66"]
[EventDate "2022.02.28"]
[EventType "swiss"]
[EventRounds "9"]
[EventCountry "VIE"]
[SourceTitle "CBM 207 Extra"]
[Source "ChessBase"]
[SourceDate "2022.05.31"]
[SourceVersion "1"]
[SourceVersionDate "2022.05.31"]
[SourceQuality "1"]

1. e4 c5 2. Nf3 e6 3. d4 cxd4 4. Nxd4 Nc6 5. Nc3 Qc7 6. Ndb5 Qb8 7. f4 a6 8. Nd4 Bc5 9. Nb3 Ba7 10. Qg4 Kf8 11. Bd2 b5 12. 0-0-0 Nf6 13. Qe2 b4 14. Na4 d5 15. exd5 exd5 16. Qd3 g6 17. Be2 Kg7 18. g4 Bxg4 19. Bxg4 Nxg4 20. Qxd5 Qb5 21. Qd7 Nf6 22. Qh3 Qxa4 23. f5 h6 24. Rhf1 Qxa2 25. fxg6 Nd4 26. Bxb4 Ne2+ 27. Kd2 Rad8+ 28. Ke1 Rxd1+ 29. Kxd1 Qb1+ 30. Kxe2 Qxc2+ 31. Bd2 Re8+ 32. Kf3 Qd3+ 33. Kg2 Re2+ 0-1

[Event "VIE-chT (Women)"]
[Site "Bac Giang"]
[Date "2020.06.07"]
[Round "3.12"]
[White "Bui, Kim Le"]
[Black "Phan, Nguyen Ha Nhu"]
[Result "0-1"]
[WhiteElo "2022"]
[BlackElo "1701"]
[PlyCount "112"]
[EventDate "2020.06.06"]
[EventType "swiss"]
[EventRounds "9"]
[EventCountry "VIE"]
[SourceTitle "CBM 197 Extra"]
[Source "ChessBase"]
[SourceDate "2020.09.30"]
[SourceVersion "1"]
[SourceVersionDate "2020.09.30"]
[SourceQuality "1"]

1. e4 g6 2. d4 Bg7 3. Nc3 d6 4. Be3 Nf6 5. f3 0-0 6. Qd2 c6 7. Bh6 b5 8. h4 Nbd7 9. h5 Re8 10. Bxg7 Kxg7 11. hxg6 fxg6 12. Qh6+ Kg8 13. 0-0-0 b4 14. Nce2 e5 15. Nh3 Qe7 16. Ng5 Qg7 17. Qh4 Ba6 18. Kb1 Rad8 19. Qh3 Nf8 20. f4 Rd7 21. Qb3+ Kh8 22. dxe5 dxe5 23. Rxd7 Qxd7 24. Nf7+ Kg7 25. Nxe5 Rxe5 26. fxe5 Qd1+ 27. Nc1 Nxe4 28. Qxb4 Nd2+ 29. Qxd2 Qxd2 30. Bxa6 Ne6 31. Nb3 Qe3 32. a3 Qxe5 33. Bc4 Nf4 34. Rd1 Nd5 35. Rd2 Nb6 36. Re2 Qd6 37. Bd3 c5 38. Nd2 Na4 39. Nc4 Qf6 40. Re8 Nb6 41. Nd2 Qf7 42. Re4 Qf6 43. Re8 Qf7 44. Re4 Qd7 45. Re5 Qc7 46. Re4 Qb7 47. b3 Nd5 48. Rc4 Ne3 49. Rxc5 Qxg2 50. Rc7+ Kh6 51. Ne4 Qg1+ 52. Ka2 Qc1 53. b4 Nd1 54. Kb3 Qb2+ 55. Ka4 Qd4 56. Rc4 Nb2+ 0-1

[Event "VIE-ch (Women)"]
[Site "Ho Chi Minh City"]
[Date "2019.05.09"]
[Round "9"]
[White "Bui, Kim Le"]
[Black "Kieu, Bich Thuy"]
[Result "1-0"]
[WhiteElo "2022"]
[BlackElo "2018"]
[PlyCount "53"]
[EventDate "2019.05.02"]
[EventType "swiss"]
[EventRounds "9"]
[EventCountry "VIE"]
[SourceTitle "CBM 190 Extra"]
[Source "ChessBase"]
[SourceDate "2019.07.15"]
[SourceVersion "1"]
[SourceVersionDate "2019.07.15"]
[SourceQuality "1"]

1. e4 g6 2. d4 Bg7 3. Nc3 d6 4. Be3 Nf6 5. f3 0-0 6. Qd2 h5 7. Bh6 c5 8. Bxg7 Kxg7 9. Nge2 a6 10. 0-0-0 Qa5 11. e5 Ne8 12. exd6 Nxd6 13. Qg5 Nf5 14. d5 b5 15. g4 hxg4 16. fxg4 f6 17. Qf4 Nd6 18. Qe3 Ra7 19. Nf4 b4 20. Ne4 Nxe4 21. Qxe4 Rg8 22. Qxg6+ Kf8 23. Qh6+ Ke8 24. Bc4 Rg5 25. Ne6 Re5 26. Qf8+ Kd7 27. d6 1-0

[Event "VIE-ch (Women)"]
[Site "Ho Chi Minh City"]
[Date "2019.05.05"]
[Round "4"]
[White "Le, Thuy An"]
[Black "Bui, Kim Le"]
[Result "1/2-1/2"]
[WhiteElo "1722"]
[BlackElo "2022"]
[PlyCount "70"]
[EventDate "2019.05.02"]
[EventType "swiss"]
[EventRounds "9"]
[EventCountry "VIE"]
[SourceTitle "CBM 190 Extra"]
[Source "ChessBase"]
[SourceDate "2019.07.15"]
[SourceVersion "1"]
[SourceVersionDate "2019.07.15"]
[SourceQuality "1"]

1. e4 c5 2. Nf3 d6 3. d4 cxd4 4. Nxd4 Nf6 5. Nc3 g6 6. Be3 Bg7 7. f3 0-0 8. Qd2 Nc6 9. 0-0-0 d5 10. Nxc6 bxc6 11. exd5 cxd5 12. Nxd5 Nxd5 13. Qxd5 Qc7 14. Qc5 Qb7 15. b3 Bf5 16. Bd3 Rfc8 17. Qa5 Bxd3 18. Rxd3 Qc6 19. Qd2 a5 20. Rd1 h5 21. Kb1 a4 22. Bd4 axb3 23. cxb3 e5 24. Ba1 Qe6 25. Re1 Qf5 26. g4 hxg4 27. fxg4 Qxg4 28. Bxe5 Bxe5 29. Rxe5 Qg1+ 30. Re1 Qg4 31. Rg3 Qf5+ 32. Qd3 Qf2 33. Rxg6+ fxg6 34. Qxg6+ Kf8 35. Qd6+ Kg8 1/2-1/2

[Event "VIE-chB (Women)"]
[Site "Ba Dinh"]
[Date "2018.12.01"]
[Round "6"]
[White "Nguyen, To Tran"]
[Black "Bui, Kim Le"]
[Result "1/2-1/2"]
[WhiteElo "1775"]
[BlackElo "2022"]
[PlyCount "57"]
[EventDate "2018.11.28"]
[EventType "swiss"]
[EventRounds "9"]
[EventCountry "VIE"]
[SourceTitle "EXT 2021"]
[Source "ChessBase"]
[SourceDate "2020.10.23"]
[SourceVersion "1"]
[SourceVersionDate "2020.10.23"]
[SourceQuality "1"]

1. d4 Nf6 2. c4 g6 3. Nc3 d5 4. Nf3 Bg7 5. cxd5 Nxd5 6. e4 Nxc3 7. bxc3 0-0 8. Be2 c5 9. 0-0 Qa5 10. Qb3 Nc6 11. Be3 cxd4 12. cxd4 Qb4 13. Rac1 Qxb3 14. axb3 e6 15. d5 exd5 16. exd5 Ne5 17. Bf4 Ng4 18. Rc7 Nf6 19. Rd1 Rd8 20. d6 Ne8 21. Rxc8 Raxc8 22. d7 Ra8 23. dxe8Q+ Rxe8 24. Bc4 Rad8 25. Rc1 h6 26. g3 a6 27. Bc7 Rd7 28. Bb6 Kh7 29. Kg2 1/2-1/2

[Event "VIE-ch (Women)"]
[Site "Bac Giang"]
[Date "2017.11.28"]
[Round "9"]
[White "Nguyen, Thi Thao Linh"]
[Black "Bui, Kim Le"]
[Result "1/2-1/2"]
[WhiteElo "1800"]
[BlackElo "2022"]
[PlyCount "31"]
[EventDate "2017.11.23"]
[EventType "swiss"]
[EventRounds "9"]
[EventCountry "VIE"]
[SourceTitle "CBM 181 Extra"]
[Source "ChessBase"]
[SourceDate "2017.12.12"]
[SourceVersion "1"]
[SourceVersionDate "2017.12.12"]
[SourceQuality "1"]

1. d4 Nf6 2. Nf3 c5 3. e3 b6 4. Bd3 Bb7 5. Nbd2 e6 6. b3 cxd4 7. exd4 Nd5 8. 0-0 Nf4 9. Ne4 Nxd3 10. Qxd3 Ba6 11. c4 d5 12. Ned2 Be7 13. Rd1 0-0 14. Ne5 Bb7 15. Qg3 Nc6 16. Ndf3 1/2-1/2

[Event "VIE-chT (Women)"]
[Site "Ho Chi Minh City"]
[Date "2017.07.28"]
[Round "8.14"]
[White "Pham, Thanh Phuong Thao"]
[Black "Bui, Kim Le"]
[Result "0-1"]
[WhiteElo "1679"]
[BlackElo "2055"]
[PlyCount "104"]
[EventDate "2017.07.24"]
[EventType "team-swiss"]
[EventRounds "9"]
[EventCountry "VIE"]
[SourceTitle "EXT 2019"]
[Source "ChessBase"]
[SourceDate "2018.10.10"]
[SourceVersion "1"]
[SourceVersionDate "2018.10.10"]
[SourceQuality "1"]

1. d4 Nf6 2. c4 g6 3. Nf3 Bg7 4. g3 0-0 5. Bg2 c5 6. 0-0 cxd4 7. Nxd4 Nc6 8. Nc3 Nxd4 9. Qxd4 d6 10. b3 Ng4 11. Qd2 Qa5 12. Bb2 Qh5 13. h4 Nf6 14. Nd5 Nxd5 15. Bxg7 Kxg7 16. Qxd5 Qxd5 17. Bxd5 Rb8 18. Rfd1 Bg4 19. Rd2 Rbc8 20. Kg2 Rc7 21. Be4 Be6 22. Bd3 b6 23. Rad1 h6 24. Be4 Rc5 25. Bd5 Bd7 26. Be4 g5 27. hxg5 hxg5 28. f3 Rh8 29. Rh1 Rxh1 30. Kxh1 Kf6 31. Kg2 Ke5 32. Kf2 a5 33. Ke3 b5 34. Rd5+ Rxd5 35. cxd5 Kf6 36. Kd4 e5+ 37. Kc3 g4 38. Kd3 Kg5 39. Ke3 f5 40. Bd3 f4+ 41. Kf2 b4 42. fxg4 Bxg4 43. e3 fxe3+ 44. Kxe3 Bd1 45. Kd2 Bf3 46. Bc4 Kg4 47. Kd3 Kxg3 48. Ke3 Bg2 49. Ke2 Kf4 50. Kf2 Bf3 51. Ke1 Ke3 52. Kf1 Kd4 0-1

[Event "VIE-chT (Women)"]
[Site "Ho Chi Minh City"]
[Date "2017.07.26"]
[Round "5.10"]
[White "Bui, Kim Le"]
[Black "Nguyen, Thu Trang"]
[Result "1-0"]
[WhiteElo "2055"]
[BlackElo "1897"]
[PlyCount "71"]
[EventDate "2017.07.24"]
[EventType "team-swiss"]
[EventRounds "9"]
[EventCountry "VIE"]
[SourceTitle "EXT 2019"]
[Source "ChessBase"]
[SourceDate "2018.10.10"]
[SourceVersion "1"]
[SourceVersionDate "2018.10.10"]
[SourceQuality "1"]

1. e4 d6 2. d4 Nf6 3. Nc3 g6 4. f3 Bg7 5. Be3 Nbd7 6. Qd2 e5 7. h4 c6 8. dxe5 dxe5 9. 0-0-0 Qc7 10. g4 b5 11. h5 a5 12. hxg6 hxg6 13. Rxh8+ Bxh8 14. Nh3 Bb7 15. Ng5 Bg7 16. Nxf7 Kxf7 17. g5 Re8 18. gxf6 Nxf6 19. a4 Re7 20. axb5 Rd7 21. Bc4+ Ke8 22. Qg2 Rxd1+ 23. Kxd1 Qd6+ 24. Kc1 Nh5 25. bxc6 Bxc6 26. Nb5 Bxb5 27. Bxb5+ Kf7 28. Qd2 Bf8 29. Qxd6 Bxd6 30. Bb6 Kf6 31. Bxa5 Kg5 32. Bd2+ Kh4 33. Be8 g5 34. Bxh5 Kxh5 35. Kd1 Kh4 36. Ke2 1-0

[Event "VIE-ch Resolution (Women) 7th"]
[Site "Bac Giang"]
[Date "2014.12.10"]
[Round "5"]
[White "Bui, Kim Le"]
[Black "Doan, Thi Hong Nhung"]
[Result "1/2-1/2"]
[WhiteElo "2055"]
[BlackElo "1928"]
[PlyCount "76"]
[EventDate "2014.12.05"]
[EventType "swiss"]
[EventRounds "9"]
[EventCountry "VIE"]
[SourceTitle "EXT 2019"]
[Source "ChessBase"]
[SourceDate "2018.10.10"]
[SourceVersion "1"]
[SourceVersionDate "2018.10.10"]
[SourceQuality "1"]

1. e4 e6 2. d4 d5 3. Nc3 Bb4 4. e5 c5 5. a3 Bxc3+ 6. bxc3 Qa5 7. Bd2 Qa4 8. Qg4 g6 9. Nf3 Nc6 10. h4 h5 11. Qf4 Qxc2 12. Ng5 Nh6 13. Rh3 Qf5 14. Bb5 Qxf4 15. Bxf4 Bd7 16. Bxc6 Bxc6 17. dxc5 d4 18. cxd4 Bxg2 19. Rd3 Bc6 20. Nh3 Nf5 21. Bg5 Kd7 22. Nf4 Rhc8 23. Rd2 Ke8 24. d5 Bxd5 25. Nxd5 exd5 26. Rxd5 Ne7 27. Bxe7 Kxe7 28. f4 Rc7 29. Ke2 Rd8 30. Rad1 Rxd5 31. Rxd5 Rc6 32. Ke3 f6 33. exf6+ Kxf6 34. Kd4 b6 35. cxb6 Rxb6 36. Ra5 a6 37. Ke4 Re6+ 38. Kd4 Rb6 1/2-1/2